| 000 | 00379nam a22001457a 4500 | ||
|---|---|---|---|
| 003 | SGT | ||
| 020 | _a8171771912 | ||
| 082 |
_a346.054 _bSAR |
||
| 100 | _aSARKAR P K | ||
| 245 |
_aLAW OF ACQUISITION OF LAND IN INDIA _bINCLUDING REQUISITION & ACQUISITION OF IMMOVABLE PROPERTY |
||
| 250 | _a2 | ||
| 260 |
_aKOLKATTA _bEASTERN LAW HOUSE _c2007 |
||
| 300 | _a1470 | ||
| 942 |
_2ddc _cBK |
||
| 999 |
_c31282 _d31282 |
||